Chips, Sensoren, Computer /

Gespeichert in:
Bibliographische Detailangaben
1. Verfasser: Conrad, Walter (Verfasst von)
Format: Buch
Veröffentlicht: Leipzig : Urania-Verlag, 1988
Ausgabe:2. Auflage
Tags: Tag hinzufügen
Keine Tags, Fügen Sie das erste Tag hinzu!

MARC

LEADER 00000nam a22000003a 4500
001 stu48041
005 20150617225707.6
008 ------s1988----gw----------------------d
040 |a STU  |b slo 
041 0
044 |a gw 
080 |a 621.3.049.77 
080 |a 681.3.02 
100 1 |a Conrad, Walter  |4 aut 
245 1 |a Chips, Sensoren, Computer /  |c [aut.] Conrad,Walter 
250 |a 2. Auflage 
260 |a Leipzig :  |b Urania-Verlag,  |c 1988 
300 |a 128 s 
996 |b J81905  |c J*81905/K 3  |l JJK3  |s P  |a 0  |w stu48041_0001